Quizzes
Events
Quiz Creation
Community
Videos
Private Events
Remove Ads
Sign In
Join for FREE
Feedback
Dark Mode
Quiz Categories
Sports
Geography
Music
Movies
Television
Just For Fun
Miscellaneous
History
Literature
Language
Science
Gaming
Entertainment
Religion
Holiday
For Kids
Quiz Lab
Recent
Popular Today
Quiz Kudos Today
Editor Picks
Curator Picks
Quizzes by...
Day
Popularity
Type
Ratings
Length
Year
Community
Subscriptions
Recent Discussions
Orange Saloon
Badges
Playlists
Quests
Create
Leaderboards
Showdown
Live 5
Trivia Bingo
Activity
Puzzle Library
Sporcle Events
Private Events
Virtual Trivia
Globe League
Become a Host
Pub Owners
SporcleCon
Opinionation
Our Games
Videos
Blog
Mobile Apps
Partnerships
Remove Ads and Go Orange
Feedback
Television
TV Characters
TV Show
Sitcom
Network
Friends
Reality Shows
Cast
South Park
Star Trek
The Simpsons
Doctor Who
Television
TV Characters
TV Show
Sitcom
Network
Friends
Reality Shows
Cast
South Park
Star Trek
The Simpsons
Doctor Who
Random Quiz
Search Sporcle
×
Quiz Lab
Quiz Lab
Television
Glee
Type in answers that appear in a list
Type in answers that appear in a list
Classic
Best Score? Go Orange.
Santana Lopez Songs Stats
Can you name the song Santana Lopez sang in these episodes?
By
brittana220
15m
86 Questions
607 Plays
607 Plays
607 Plays
Comments
Comments
Give Quiz Kudos
Give Quiz Kudos
-
- Ratings
hide this ad
Replay
Link that replays current quiz
Next Quiz
Link to next quiz in quiz playlist
You Got
0%
They Got
Avg Score
51%
Avg Friend Score
Upgrade to see
Score Distribution
Jump to the score distribution portion of the page
Score
0/86
Timer
15:00
0
Plays Today
Episode
Song
% Correct
'Michael'
Bad
78.6%
'I Kissed A Girl'
I Kissed A Girl
77.6%
'The Quarterback'
If I Die Young
73.6%
'Special Education'
Valerie
73.1%
'100'
Valerie
73.1%
'Michael'
Smooth Criminal
72.2%
'Funeral'
Back to Black
68.5%
'The Break Up'
Mine
68.5%
'First Time'
America
67.7%
'Theatricality'
Bad Romance
65.2%
'Prom Queen'
Dancing Queen
64.9%
'Blame It On The Alcohol'
Blame It (On the Alcohol)
64.7%
'Rumours'
Songbird
63.9%
'First Time'
A Boy Like That
63.3%
'Homecoming'
Home
63.3%
'Sexy'
Landslide
62.4%
'Mash Off'
Rumour Has It/Someone Like You
61.8%
'Frenemies'
Don't Rain On My Parade
61.6%
'Michael'
Black or White
61.6%
'The Power of Madonna'
Like A Virgin
61.4%
'Nationals'
Edge of Glory
60.6%
'100'
Toxic
60.5%
'Journey'
Don't Stop Believin'
59.1%
'Diva'
Girl On Fire
59%
'Duets'
River Deep, Mountain High
58.8%
'Love, Love, Love'
A Hard Day's Night
57.8%
'Diva'
Nutbush City Limits
57.5%
'Britney/
Brittany'
Me Against the Music
57.2%
'The Spanish Teacher'
La Isla Bonita
57%
Episode
Song
% Correct
'The Break Up'
The Scientist
57%
'Pot O' Gold'
Candyman
56.8%
'Naked'
Love Song
55.5%
'Jagged Little Tapestry'
Hand In My Pocket/I Feel the Earth Move
55.4%
'New York'
I Love New York/New York, New York
55.4%
'Frenemies'
Brave
55.2%
'Fued'
Cold Hearted
55.2%
'Promasaurus'
Love You Like A Love Song
55.2%
'I Kissed A Girl'
Constant Craving
55%
'Hold Onto Sixteen'
Survivor/I Will Survive
55%
'What the World Needs Now'
Alfie
54.7%
''Saturday Night Gleever'
If I Can't Have You
53.5%
'Choke'
Cell Block Tango
53.4%
'Dance With Somebody'
So Emotional
53.2%
'Original Song'
Trouty Mouth
53.2%
'Laryngitis'
The Boy is Mine
53%
'Dance With Somebody'
How Will I Know
52.9%
'Tina in the Sky of Diamonds'
Here Comes the Sun
52.2%
'The Quarterback'
Seasons of Love
52.2%
'Promasaurus'
Take My Breath Away
52.2%
'Dance With Somebody'
I Wanna Dance With Somebody (Who Loves Me)
52.1%
'New Directions'
Be Okay
51.2%
'New York'
Light Up the World
50.6%
'Choke'
Shake It Out
50.6%
'Glease'
There Are Worse Things I Could Do
50.6%
'Lights Out'
At the Ballet
50.2%
'The Sue Sylvester Shuffle'
Thriller/Heads Will Roll
50.1%
'Rocky Horror'
Science Fiction Double Feature
49.6%
'Yes/
No'
We Found Love
49.4%
Episode
Song
% Correct
'Hold onto Sixteen'
We Are Young
48.9%
'Homecoming'
Problem
48.3%
'A Wedding'
I'm So Excited
47.8%
'Frenemies'
Every Breath You Take
47.6%
'Mash Off'
Hit Me With Your Best Shot/One Way or Another
46.3%
'On My Way'
Fly/I Believe I Can Fly
45.8%
'Trio'
Gloria
45.6%
'Tina In the Sky With Diamonds'
Let It Be
44.2%
'Diva'
Make No Mistake (She's Mine)
43.2%
'The Purple Piano Project'
We Got the Beat
41.4%
'A Wedding'
Our Day Will Come
40.2%
'Thanksgiving'
Homeward Bound/Home
39.4%
'Asian F'
Run the World (Girls)
39.4%
'The Back Up Plan'
Doo Wop (That Thing)
38.9%
'Journey'
To Sir With Love
38.2%
'Yes/
No'
The First Time Ever I Saw Your Face
38.1%
'On My Way'
What Doesn't Kill You (Stronger)
37.4%
'Nationals'
We Are the Champions
37.1%
'Movin' Out'
Just the Way You Are
34.8%
'I Do'
We've Got Tonight
34.6%
'Asian F'
It's All Over
34.1%
'Extraordinary Merry Christmas'
Santa Baby
32.5%
'Nationals'
Tongue Tied
32.1%
'Rocky Horror'
Toucha Touch Me
30.8%
'Trio'
Hold On
29.7%
'Homecoming'
Take On Me
29.2%
'Jagged Little Tapestry'
You Learn/You've Got A Friend
28.5%
'Old Dogs, New Tricks'
Take Me Home Tonight
24.9%
Quiz Playlist
Details
Report
Send in Message
Add To Playlist
Classic:
Type in answers that appear in a list
Last Updated: May 9, 2017
Quiz Scoreboard
CHALLENGE
Sign Up to Join the Scoreboard
Show All
Scores
Hide
Comments
May contain spoilers
Recently Published
9x9 Crossword: Cartoon Network
by jackfrog10
Miscellaneous
3m
College Basketball Coaching Resumes
by pancakes188
Sports
9m
Billboard Blitz: Fleetwood Mac
by CooCooCachoo
Music
15s
More to Explore
Quiz From the Vault
Featured Blog Post
Where Did the Easter Bunny Come From?
hide this ad
You Might Also Like...
Tags
Glee
Today's Top Quizzes in Television
Browse Television
hide this ad
Today's Top Quizzes in Glee
Browse Glee
Top Contributed Quizzes in Television
1
5-to-1: The Simpsons Families
2
5-to-1: Television Doctors
3
7-to-1: TV Show Settings
4
Adjectives in 00s TV Shows
5
Adjectives in 80s TV Shows
6
5-to-1: Streaming Originals
7
Adjectives in 10s TV Shows
8
Survivor Seasons
9
One Piece Logic Puzzle
10
All US Survivor Seasons in Order
Explore More
Trending Topics
Marvel
Crossword
Kpop
NBA
Harry Potter
Disney
Anime
The Office
Pokémon
Puzzle
NFL
Country
WWE
Soccer
Song
hide this ad
More By:
brittana220
Quiz
Plays
Rating
Category
Featured
Created
Brittana Quotes
1,550
4.00
Television
Jan 21, 2017
Glee Songs By Their Lyrics
1,406
4.75
Television
May 17, 2015
Santana Lopez Songs
607
3.67
Television
May 2, 2015
2015 New York Mets Opening Day Roster
257
Sports
May 2, 2015
Go to Creator's Profile
Score Distribution
Quiz Creator Spotlight
brittana220
Follow
Send a Message
Quizzes Created
-
Created Quiz Play Count
-
More By This Creator
Popular Quizzes Today
1
Find the US States - No Outlines Minefield
2
Find the Countries of Europe - No Outlines Minefield
3
The Countries of the World
4
Find the US States
5
Risky Map Clicking: Biggest States A-Z
6
US States
7
Popular People in 1961
8
Movies - When Are They Set?
More Television Quizzes
TV Show Back to the Camera
Published
Trending Quizzes
Risky Map Clicking: Least Populous States A-Z
1-10 Letter G Words
1-10 Letter F Words
Risky Map Clicking: Next State Alphabetically
Adjectives in 80s TV Shows
Recently Updated
Leaping Animals
pecheneg
Reality TV Shows (A-Z)
bhenderson79
Rickey Henderson's Hall of Fame Teammates
pecheneg
Champions League XIs: Arsenal
pecheneg
Quick Pick: Celebrities in WWE's Hall of Fame
aduchscher
A-Z Keypad Blitz II
pecheneg
Multiple Oscar Actors
pecheneg
Mystery Phrase Blitz: Oscar 'Best Actors'
pecheneg
F. Scott Fitzgerald Novels
LTH
Pick 3 Villains
ddd62291
Trending Topics
Crossword
Marvel
Harry Potter
Disney
Kpop
Anime
NBA
NFL
WWE
Puzzle
Pokémon
The Office
Song
Country
Soccer
Your Account Isn't Verified!
In order to create a playlist on Sporcle, you need to verify the email address you used during registration. Go to your
Sporcle Settings
to finish the process.
Report this User
Report this user for behavior that violates our
Community Guidelines
.
Details:
Send Report
Go to the Sporcle.com Mobile Site →
Comments